000 01031nam2a22002411 4500
001 RU\NLR\INFOCOMM10\1000198918
005 20250617044356.0
035 _a(NLR Aleph) 002457698
090 _a2223098
_c2223098
100 _a20040317d2000 |||y0rusy50 ca
101 0 _arus
102 _aRU
105 _ay |||||||||
200 0 _aВып.7
210 _d2000
_aБ. м.
461 0 _1001RU\NLR\INFOCOMM10\1000198916
_12001#$aИнформационные технологии контроля и управления на транспорте$fИркут. ин-т инженеров ж.-д. трансп. и др.$vВып.7
_92223080
_cИркутск
_d2000-
_fИркут. ин-т инженеров ж.-д. трансп. и др.
_nИрИИТ
_tИнформационные технологии контроля и управления на транспорте
_vВып.7
801 1 _aRU
_bInfoComm
_c20040317
801 0 _aRU
_bNLR
_gPSBO
852 _aNLR
_jП10/7336
942 _cISSUE
980 _aNB
980 _aRUSPER